30 aǫs de la Ley de Amnista̕ (1977-2007) /

Detalles Bibliográficos
Otros Autores: Espuny i Toms̉, M. Jess︢ (coord.), Paz Torres, Olga (coord.)
Formato: Desconocido
Lenguaje:español
Publicado: [Madrid] : Dykinson, 2009
Materias:
Acceso en línea:Acceso restringido

MARC

LEADER 00000ny a22000003n 4500
005 20110526142018.0
008 100513s2009 sp a g 100 0 spa c
020 |a 9788498497694 
035 |a 4926 
040 |a BUS  |d vLex 
090 |c 296  |d 296 
245 0 0 |a 30 aǫs de la Ley de Amnista̕  |h [Recurso electrn̤ico]  |b (1977-2007) /  |c M{487} Jess︢ Espuny Toms̀, Olga Paz Torres  
256 |a Servicio en ln̕ea 
260 |a [Madrid] :  |b Dykinson,  |c 2009 
300 |a 268 p. ;  |c 24 cm 
506 1 |a Contenido solo disponible en los productos indicados  |d vLex Global  |d vLex Global (Academic Edition, excluding Law Schools)  |d vLex Global (U.S. Academic Edition, Law Schools)  |d vLex Global (U.S. Academic Edition, excluding Law Schools)  |d vLex Global (Academic Edition, Law Schools) 
610 1 4 |a Espaą.  |t Ley 46/1977, de 15 de octubre, de amnista̕ 
650 0 4 |a Amnistia  |z Espaą 
650 0 4 |a Amnistia  |z Espaą  |x Historia  |y 1975- 
650 0 4 |a Gracia (Derecho)  |z Espaą  |x Historia  |y 1975- 
700 1 |a Espuny i Toms̉, M. Jess︢,  |e coord. 
700 1 |a Paz Torres, Olga,  |e coord. 
740 0 |a vLex Libros (Servicios en ln̕ea) 
856 4 0 |u http://vlex.com/source/4926  |z Acceso restringido 
942 |c BOOK 
999 0 |a Amnesty  |b Madrid